अभिशप्त द्वापर / (Record no. 198198)

MARC details
000 -LEADER
fixed length control field 00719nam a22001817a 4500
005 - DATE AND TIME OF LATEST TRANSACTION
control field 20230915144352.0
010 ## - LCCN (DPL NO)
LC control number HIN-126005
020 ## - INTERNATIONAL STANDARD BOOK NUMBER
International Standard Book Number 9788188556236
Terms of availability 600.00
035 ## - SYSTEM CONTROL NUMBER
System control number HN-98351
037 ## - SOURCE OF ACQUISITION
Source of stock number/acquisition DBAD/PUB
082 ## - DEWEY DECIMAL CLASSIFICATION NUMBER
Classification number 821
100 ## - MAIN ENTRY--PERSONAL NAME
Personal name वेदप्रकाश 'बटुक'
245 ## - TITLE STATEMENT
Title अभिशप्त द्वापर /
Statement of responsibility, etc वेदप्रकाश
260 ## - PUBLICATION, DISTRIBUTION, ETC. (IMPRINT)
Name of publisher, distributor, etc भारतीय साहित्य प्रकाशन
Place of publication, distribution, etc मेरठ
Date of publication, distribution, etc 2018
270 ## - ADDRESS
Address 57 -ए न्यू आर्य नगर जेल रोड
Postal code 250004
City मेरठ
300 ## - PHYSICAL DESCRIPTION
Extent 320 पृ.
Dimensions 23 सेमी (अजिल्द)
942 ## - ADDED ENTRY ELEMENTS (KOHA)
Item type Hindi Books
Source of classification or shelving scheme Dewey Decimal Classification
Classification part 821
Call number suffix वेदप्र
Holdings
Withdrawn status Lost status Not for loan Collection code Home library Current library Date acquired Source of acquisition Cost, normal purchase price Full call number Barcode Copy number Cost, replacement price Koha item type
      Non-fiction Bawana Bawana 15/09/2023 DBAD/PUB 600.00 821 वेदप्र HN-98351 1 600.00 Hindi Books

© Delhi Public Library
Hit Counter
free hit counter